000 00714nam a2200289Ia 4500
008 160803s9999 xx 000 0 und d
020 _a9780545320603
100 _aKorman, Gordon
245 _aShow off /
245 _cGordon Korman.
260 _aNew York :
260 _bScholastic Inc.
260 _c2010
300 _a248 pages ;
300 _c22 cm.
650 _aAdventure and adventurers --
650 _aShow dogs --
650 _aShow dogs --
650 _aUndercover operations --
650 _aUndercover operations --
650 _x Juvenile fiction.
650 _xFiction.
650 _xFiction.
650 _xFiction.
650 _xJuvenile fiction.
700 _a740
999 _c299925
_d299925